000 00416nam a22001697a 4500
003 SGT
020 _a9789356966338
082 _a615
_bE26U
100 _aUDAYKUMAR , PADMAJA
245 _aEXAMPREPARATORY MANUAL FOR UG PHARMACOLOGY
250 _a3RD
260 _aINDIA
_bJAYPEE PUB
_c2026
300 _a594
650 _aPHARMACOLOGY
653 _aEXAMPREPARATORY MANUAL FOR UG PHARMACOLOGY
942 _2ddc
_cBK
999 _c33551
_d33551